000 01341nam a22002657a 4500
003 OSt
005 20220323151513.0
008 220323s2002 ck ||||gr|||| 00| 0 spa d
020 _a9580469776
040 _aCO-JMCR
_cCO-JMCR
041 0 _aspa
082 0 4 _a649.1 /
_bA174q
_223
100 1 _aAcevedo, Annie de,
_eautora
_941987
245 1 2 _a¿Qué hago con mis hijos? :
_bpreguntas frecuentes sobre como cuidar a los niños /
_cAnnie de Acevedo
260 _aBogotá :
_bNorma,
_c2002.
300 _axxiii, 214 páginas ;
_c22 cm.
500 _aBibliografía del autor en solapa frontal.
505 0 _aPreguntas y respuestas sobre niños en edad preescolar. -- Preguntas y respuestas sobre niños en edad escolar. -- Preguntas y respuestas sobre adolescentes. -- Preguntas y respuestas sobre temas generales de la crianza. -- Breves reflexiones sobre la crianza.
520 1 _aEscrito en forma de preguntas y respuestas, ¿Qué hago con mis hijos? recoge la mayoría de las inquietudes que con frecuencia los padres le manifiestan a la autora tanto en su trabajo como psicóloga de un colegio, como en la consulta privada y en sus conferencias.
521 0 _aMaterial para adultos.
650 1 4 _aPsicología infantil
_92491
650 2 4 _aEducación de niños
_9164
650 2 4 _aCrianza de niños
_913864
942 _2ddc
_cBK
999 _c15844
_d15844